| 000 | 00585nam a2200217Ia 4500 | ||
|---|---|---|---|
| 005 | 20260429111915.0 | ||
| 008 | 260429s9999||||xx |||||||||||||| ||und|| | ||
| 020 | _a9789391502928 | ||
| 041 | _aEnglish | ||
| 082 |
_a530.15 _bFRA |
||
| 100 | _aGelisa, Francis | ||
| 245 | 0 |
_aMathematical physics : _bquarks, gluons and lattices / _cFrancis Gelisa |
|
| 260 |
_aPune : _bKnowledge Bakers, _c2025. |
||
| 300 | _aviii, 169 p.; hb | ||
| 650 | _a Gluons | ||
| 650 | _a Lattices | ||
| 650 | _a Quarks | ||
| 650 | _aMathematical physics | ||
| 700 | _a Robinson, Chloe | ||
| 942 | _cTB | ||
| 999 |
_c51372 _d51372 |
||